The touch of time: the story of Howell & Brooks 1818-1968 (Record no. 93055)

MARC details
000 -LEADER
fixed length control field 00361cam a2200145 4500
001 - CONTROL NUMBER
control field E501
008 - FIXED-LENGTH DATA ELEMENTS--GENERAL INFORMATION
fixed length control field 090401t1968 xxu||||| |||| 00| 0 eng d
035 ## - SYSTEM CONTROL NUMBER
System control number (Sirsi) u52392
041 ## - LANGUAGE CODE
Language code of text/sound track or separate title eng
245 #4 - TITLE STATEMENT
Title The touch of time: the story of Howell & Brooks 1818-1968
260 ## - PUBLICATION, DISTRIBUTION, ETC.
Name of publisher, distributor, etc. General and Graphic Books
Date of publication, distribution, etc. 1968
350 ## - PRICE (NR) (BK AM CF MU VM SE) [OBSOLETE]
Price 0
942 ## - ADDED ENTRY ELEMENTS (KOHA)
Suppress in OPAC 0
948 ## - LOCAL PROCESSING INFORMATION (OCLC); SERIES PART DESIGNATOR (RLIN)
c (OCLC) 04/03/1997

No items available.